[Event "Roncana op-C 10th"]
[Site "Santa Eulalia de Roncana"]
[Date "2016.11.05"]
[Round "6"]
[White "Ruiz Planas, Bernat"]
[Black "Rodriguez Martinez, Alex"]
[Result "1-0"]
[WhiteElo "1455"]
[BlackElo "1284"]
[PlyCount "45"]
[EventDate "2016.09.24"]
[EventType "swiss"]
[EventRounds "8"]
[EventCountry "ESP"]
[SourceTitle "EXT 2022"]
[Source "ChessBase"]
[SourceDate "2021.10.06"]
[SourceVersion "1"]
[SourceVersionDate "2021.10.06"]
[SourceQuality "1"]

1. e4 e5 2. Nf3 Nc6 3. Nc3 Nf6 4. d3 d6 5. g3 Bg4 6. Bg2 Be7 7. 0-0 0-0 8. Be3 Qd7 9. Qd2 d5 10. Rad1 Rad8 11. Rfe1 b6 12. a3 Kh8 13. Kf1 Kg8 14. Kg1 Kh8 15. b4 a5 16. b5 Na7 17. a4 Bb4 18. Nxe5 Qe7 19. Nxg4 Nxg4 20. Qe2 Bxc3 21. Qxg4 Bxe1 22. Bd4 h6 23. Qxg7# 1-0

[Event "Roncana op-C 10th"]
[Site "Santa Eulalia de Roncana"]
[Date "2016.10.22"]
[Round "5"]
[White "Toquero Gracia, Laura"]
[Black "Rodriguez Martinez, Alex"]
[Result "1-0"]
[WhiteElo "1624"]
[BlackElo "1284"]
[PlyCount "53"]
[EventDate "2016.09.24"]
[EventType "swiss"]
[EventRounds "8"]
[EventCountry "ESP"]
[SourceTitle "EXT 2022"]
[Source "ChessBase"]
[SourceDate "2021.10.06"]
[SourceVersion "1"]
[SourceVersionDate "2021.10.06"]
[SourceQuality "1"]

1. e4 e5 2. Nf3 Nc6 3. d4 Nf6 4. Nc3 d5 5. dxe5 dxe4 6. Qxd8+ Nxd8 7. exf6 exf3 8. Bb5+ Nc6 9. Bxc6+ bxc6 10. fxg7 fxg2 11. gxh8Q gxh1Q+ 12. Kd2 Rb8 13. Qe5+ Be7 14. Qxc7 Rb7 15. Qxc8+ Bd8 16. Qxb7 Qxh2 17. Qxc6+ Ke7 18. Nd5+ Kf8 19. Ne3 Qxf2+ 20. Kd1 Qg1+ 21. Ke2 h5 22. Nf5 Qh2+ 23. Kf3 h4 24. Qd7 Ba5 25. Nh6 Kg7 26. Qxf7+ Kh8 27. Qg8# 1-0